00627nam a22001457a 4500003000400000005001700004008004100021040001400062100004300076245018200119260001000301300003300311500011000344504002700454OSt20171010095439.0120606t xxu||||| |||| 00| 0 eng d aMMSUcULS aFailano, Dolly S., Balanay, Renvel R.  aA Computerized sales and inventory management system of the Mariano Marcos State University-Development Cooperative (MMSU-DC), Batac branch cDolly S. Failano, Renvel R. Balanay c2007  axiii, [114] leaves c28 cm.  aThesis (BS Computer Science) -- Mariano Marcos State University-College of Arts and Sciences, Batac City  aBibliography: leaf 48